Cinco imperativos para revitalizar la reestructuración (Registro nro. 14452)
[ vista simple ]
| 000 -LEADER | |
|---|---|
| fixed length control field | 00417 a2200133 4500 |
| 001 - CONTROL NUMBER | |
| control field | ART_9875 |
| 005 - DATE AND TIME OF LATEST TRANSACTION | |
| control field | 20260410161653.0 |
| 008 - FIXED-LENGTH DATA ELEMENTS--GENERAL INFORMATION | |
| fixed length control field | 260409a |
| 100 1# - MAIN ENTRY--PERSONAL NAME | |
| Personal name | Cordon, Carlos |
| 245 10 - TITLE STATEMENT | |
| Title | Cinco imperativos para revitalizar la reestructuración |
| 700 1# - ADDED ENTRY--PERSONAL NAME | |
| Personal name | Vollmann, Thomas E. |
| 700 1# - ADDED ENTRY--PERSONAL NAME | |
| Personal name | Vandenbosch, Marianne |
| 773 0# - HOST ITEM ENTRY | |
| Title | Harvard Deusto Business Review |
| Related parts | - Nº 83 (mar./abr. 1998) |
| Record control number | REV521 |
No hay ítems disponibles.